Geschlechtsgebundene und geschlechtskontrollierte vererbung, (Record no. 9563)

MARC details
000 -LEADER
fixed length control field 00736cam a22002411 4500
001 - CONTROL NUMBER
control field agr33000170
003 - CONTROL NUMBER IDENTIFIER
control field DLC
005 - DATE AND TIME OF LATEST TRANSACTION
control field 20260227110953.0
008 - FIXED-LENGTH DATA ELEMENTS--GENERAL INFORMATION
fixed length control field 811121s1932 xx a 000 0 ger
010 ## - LIBRARY OF CONGRESS CONTROL NUMBER
LC control number agr33000170
035 ## - SYSTEM CONTROL NUMBER
System control number (OCoLC)14730685
040 ## - CATALOGING SOURCE
Original cataloging agency DLC
Transcribing agency DNLM
Modifying agency DLC
042 ## - AUTHENTICATION CODE
Authentication code premarc
050 00 - LIBRARY OF CONGRESS CALL NUMBER
Classification number QH431
Item number .H25 bd. 1, I
060 0# - NATIONAL LIBRARY OF MEDICINE CALL NUMBER
Classification number QH 431
Item number H236 Bd.1, I
100 1# - MAIN ENTRY--PERSONAL NAME
Personal name Föyn, Björn.
245 10 - TITLE STATEMENT
Title Geschlechtsgebundene und geschlechtskontrollierte vererbung,
Statement of responsibility, etc. von Björn Föyn ...
260 ## - PUBLICATION, DISTRIBUTION, ETC.
Place of publication, distribution, etc. Berlin,
Name of publisher, distributor, etc. Gebrüder Borntraeger,
Date of publication, distribution, etc. 1932.
300 ## - PHYSICAL DESCRIPTION
Extent iv, 122 p.
Other physical details ill.
440 #0 - SERIES STATEMENT/ADDED ENTRY--TITLE
Title Handbuch der vererbungswissenschaft,
Volume/sequential designation Bd. 1, I
500 ## - GENERAL NOTE
General note Issued as lfg. 17.
504 ## - BIBLIOGRAPHY, ETC. NOTE
Bibliography, etc. note "Literaturverzeichnis": p. [102]-122.

No items available.

Powered by Koha